| 000 | nam a22 a 4500 | ||
|---|---|---|---|
| 999 |
_c110 _d110 |
||
| 005 | 20170418100134.0 | ||
| 008 | 170418t2004 -uk||||| |||| 00| 0 eng d | ||
| 020 | _a0863250718 | ||
| 040 | _aAKMAL | ||
| 082 | _a343.4105521 CCH | ||
| 090 |
_a343.4105521 _bCCH |
||
| 245 | 0 | 0 | _aBritish value added tax reporter. |
| 246 | 1 | 0 |
_aCCH British value added tax reporter _iMinor title change: |
| 260 |
_a[Kingston-upon-Thames] : _bWolters Kluwer _c2004- |
||
| 300 |
_a5 v. (loose-leaf) ; _c26cm. |
||
| 500 | _aIncludes index. | ||
| 500 | _aDescription based on: volume 1A | ||
| 599 | _aDALAM PROSES | ||
| 650 |
_aValue-added tax _vHandbooks, manuals, etc. _xLaw and legislation _zGreat Britain _9274 |
||
| 942 |
_2ddc _cBOOK |
||
| 950 | _lAKMAL | ||